000 00451nam a22001457a 4500
999 _c14667
_d14667
003 AR-CdUCM
008 190424b ||||| |||| 00| 0 spa d
040 _aMUNICIPALIDAD PROVINCIAL DEL CUSCO
_cBIBLIOTECA MUNICIPAL DEL CUSCO
082 _aC / 050 /
_bR454
245 _aRevista del museo e instituto arqueológico n.19 /
260 _aCuzco :
_bH. G. Rozas,
_c1961.
300 _a384 páginas ;
_c21 cm.
942 _2ddc
_cPP
945 _awfj
_d2019-04-24